000 00438nam a2200181Ia 4500
008 210210b1940 xxu||||| |||| 00| 0 eng d
041 _aeng
082 _a854/405
100 _aSHRIKANTHA SASTRI (S)
245 _aSources of Karnataka history
260 _aMysore
_bUniversity of Mysore.
_c1940
650 _aSources
650 _aof
650 _aKarnataka
650 _ahistory
690 _aKannada Criticism
906 _a020250
999 _c144401
_d144401